1124 1106 1513 1308 1741 1303 1289 1375 1354 1293 1999 1919 1745 1859 1439 1071 1511 1818 1716 1775 1221 1614 1931 1420 1501 1952 1764 1930 1557 1156 1267 1559 1407 1803 1503 1580 1656 1234 1183 1870 1368 1183 1692 1640 1901 1244 1024 1946 1180 1554 1326 1408 1327 1568 1297 1195 1260 1797 1491 1200 1232 1559 1247 1688 1253 1111 1374 1561 1161 1212 1567 1123 1787 1779 1356 1670 1423 1846 1734 1098 1775 1565 1729 1851 1255 1348 1471 1648 1392 1536 1405 1337 1435 1498 1716 1154 1807 1640 1846 BCNSPRNW ULIB Ver.6.0+V

เปลี่ยนเป็นภาษาไทย

Change to English
 แสดงรายละเอียดบรรณานุกรม
  กลับหน้าหลัก

Brief Record : Get Marc (ISO 2709) : E-mail record : QR code < ปิดหน้าต่าง
LEADER : 00000nam 2200000uu 4500
001    13399123700
003     ULIB
008    020711s2552 th a 000 0 tha d
020    9786110600651
090    นว.^bป444ร
100    ปราณธร
245    ร้ายเท่ารัก/^cปราณธร
250    พิมพ์ครั้งที่ 2
260    กรุงเทพฯ :^bแจ่มใส,^c2552
300    350 หน้า
945    ^p219^l0^i026022
999    ^aทศพร
รายการนี้ยังไม่มีแท็ก
คุณยังไม่ได้ล็อกอิน คุณสามารถมีกิจกรรมร่วมกับเว็บไซต์ได้ แต่ต้องล็อกอินก่อน ::
  ล็อกอิน

รายการสื่อสารสนเทศ

ลำดับที่ ประเภท เลขเรียก/บาร์โค้ด สถานที่ สถานะ
1. นวนิยาย
นวนิยาย
นว. ป444ร ฉ.1 
  Barcode: 026022
ห้องสมุดวิทยาเขตสวรรค์ประชารักษ์
►นวนิยาย
บนชั้น
  ขอยืม

รายการใกล้เคียง
    ผู้แต่ง [ปราณธร]

BibComment


ยังไม่เคยถูกคอมเมนท์

คอมเมนท์ทรัพยากรรายการนี้
  คอมเมนท์: ร้ายเท่ารัก ปราณธร


 Copyright 2026. Bcnsprnw @Library